000 00660nam a2200205Ia 4500
003 GCL
008 140319s9999 xx 000 0 ara d
040 _aGCL /
_cGCL
082 0 4 _a332.16
_bم ت
100 1 _aمحمود صبح
245 1 0 _aالتحليل المالى والاقتصاديات للاسواق المالية /
_cمحمود صبح
300 _a160 ص
490 _aالهيئة العامة للاستعلامات
_v0
650 0 4 _aالاقتصاد
650 0 4 _aالاقتصاد التحليلى
650 0 4 _aالتحليل الموضوعى
650 0 4 _aالبورصات
650 0 4 _aالتحليل المالى
942 _2ddc
_cBK
999 _c49167
_d49167